แสดงรายละเอียดบรรณานุกรม
  กลับหน้าหลัก

Brief Record : Get Marc (ISO 2709) : E-mail record : QR code ปิดหน้าต่าง
E-books : เกี่ยวกับ Collections
LEADER 00000nam 2200000uu 4500
001    214172
003     ULIBM
008    240513s2566 th a 000 0 tha d
020    ^a978-616-422-103-1
040    ^abcnkk
041    ^atha
060 04 ^aWA590^bพ272พ 2566
100 0  ^aพรรณี ปานเทวัญ
245 10 ^aพยาบาลกับการปรับเปลี่ยนพฤติกรรมสุขภาพ : แนวคิด ทฤษฎี สู่การปฏิบัติ =^bNurses and haelth behavior modification : concepts,theories, and applications /^cพรรณี ปานเทวัญ, อภิญญา อินทรรัตน์และ องค์อร ประจันเขตต์
246 31 ^aNurses and health behavior modification : concepts,theories, and applications
250    ^aพิมพ์ครั้งที่ 1
260    ^aกรุงเทพฯ :^bวิทยาลัยพยาบาลกองทัพบก,^c2566
300    ^a256 หน้า :^bภาพประกอบ ;^c25 ซม.
650  4 ^aการดูแลสุขภาพ
650  4 ^aการพยาบาล
650  4 ^aความรอบรู้ด้านสุขภาพ
650  4 ^aพฤติกรรมสุขภาพ
700 0  ^aอภิญญา อินทรรัตน์,^eผู้แต่งร่วม
700 0  ^aองค์อร ประจันเขตต์,^eผู้แต่งร่วม
710 2  ^aวิทยาลัยกองทัพบก
710 2  ^aโครงการตำรา วิทยาลัยพยาบาลกองทัพบก
999    ^aใช้งานได้ทุกระบบ
รายการนี้ยังไม่มีแท็ก
คุณยังไม่ได้ล็อกอิน คุณสามารถมีกิจกรรมร่วมกับเว็บไซต์ได้ แต่ต้องล็อกอินก่อน ::
  ล็อกอิน
ลำดับที่ ประเภท เลขเรียก สถานที่ สถานะ
1. การพยาบาล (ตำราหลัก)
การพยาบาล (ตำราหลัก)
WA590 พ272พ 2566 ฉ.1 
  
การพยาบาลชุมชน On Shelf
  ขอยืม
Note:จัดซื้อปีงบประมาณ 2567
   [แสดง 1/1 รายการ]

รายการใกล้เคียง
    หัวเรื่อง [การดูแลสุขภาพ]
    หัวเรื่อง [การพยาบาล]
    หัวเรื่อง [ความรอบรู้ด้านสุขภาพ]
    หัวเรื่อง [พฤติกรรมสุขภาพ]

BibComment


ยังไม่เคยถูกคอมเมนท์

คอมเมนท์ทรัพยากรรายการนี้
  คอมเมนท์: พยาบาลกับการปรับ..
Bib 214172

 
 
 

 Union Library Management : ULibM
Copyright 2026. All Rights Reserved.
скачать бесплатно без регистрации порно красивый секс HD Sex Hindi sex

xxx gou

xxxx

bfxxx

xxxwww

Секса Видео

xxxx

Секса Видео

detube

geilexxx

C99 Shell

worms shell

blod xxx video
Ebony Coed Rihanna Rimes Takes A Dick In Her Young Twat priyaa indian fuck anal and pusssy hardcore indian women xxx desi hardcore fucking part 1 bengalixxxcouple